LEADER 01443nam a2200277 u 4500 001 000000042983 003 CaOOAMICUS 005 20070226114403.0 008 990315s1998 vc u000 u lat u 035 $a10817296 040 $aPUL(R)$bita 110 2 $aCongregatio pro Institutione Catholica.$0(OLS)http://pul/name/3756 245 10$aRatio fundamentalis institutionis diaconorum permanentorum. Directorium pro ministerio et vita diaconorum permanentorum /$cCogregatio de institutione catholica ; Congregatio pro clericis. 246 33$aDirectorium pro ministerio et vita diaconorum permanentorum 260 $aIn civitate Vaticana :$bLibreria editrice vaticana,$c1998. 300 $a147 p. ;$c21 cm 504 $aBibliografia in nota. 650 4$aDiaconato.$0(OLS)http://pul/subject/6020 710 2 $aCongregatio pro Clericis.$0(OLS)http://pul/name/15817 850 $aPUL 852 $aPUL$W1$xSL Religione 1$y3$m68 E 177$j57966$nBK-PRI$b $qStampati$B57966$CPULBib$Z2$F57966 $H $81 941 1 $a8 961 $aINV: 78309 996 $6245$aRatio fundamentalis institutionis diaconorum permanentorum. Directorium pro ministerio et vita diaconorum permanentorum$9(OLS)http://pul/title/57974 996 $6246$aDirectorium pro ministerio et vita diaconorum permanentorum$9(OLS)http://pul/title/57975 996 $6260$aIn civitate Vaticana :$bLibreria editrice vaticana$9(OLS)http://pul/publisher/65095 LEADER 01606nam a2200373 u 4500 001 000000049198 003 CaOOAMICUS 005 20070226115102.0 008 000621s2000 it u000 u ita u 020 $a8816405252 035 $a10850576 040 $aIPA$bita$dPUL 041 1 $aita$heng 245 00$aAgostino oggi /$cWilliam S. Babcoch ... [et al.] ; a cura di Richard J. Neuhaus ; edizione italiana a cura di Patrizio Alborghetti. 260 $aMilano :$bJaca Book,$c2000. 300 $axiv, 147 p. ;$c23 cm 490 1 $aBiblioteca di cultura medievale 490 1 $aDi fronte e attraverso ;$v525 500 $aBibliografia in nota. 500 $aTit. orig.: Augustine today. 600 04$aAugustinus,$cs., vesc. d'Ippona,$d354-430.$0(OLS)http://pul/subject/758 700 1 $aBabcock, William S.$0(OLS)http://pul/name/35612 700 1 $aAlborghetti, Patrizio.$0(OLS)http://pul/name/35614 700 1 $aNeuhaus, Richard John.$0(OLS)http://pul/name/35613 830 0$aDi fronte e attraverso ;$v525.$0(OLS)http://pul/title/138 830 0$aBiblioteca di cultura medievale.$0(OLS)http://pul/title/2253 850 $aPUL 852 $aPUL$W1$xSL Filosofia 2$y80$mPhil A23 525$j65406$nBK-PRI$b $qStampati altre collocazioni$B65406$CPULBib$Z2$F65406 $H $81 941 1 $a10 960 $aAgostino,$cs., vesc. d'Ippona,$d354-430$9758 961 $aINV: 82391 996 $6020$a8816405252$9(OLS)http://pul/number/62092 996 $6245$aAgostino oggi$9(OLS)http://pul/title/66336 996 $6260$aMilano :$bJaca Book$9(OLS)http://pul/publisher/47900